| 000 | 00746nam a22002177a 4500 | ||
|---|---|---|---|
| 003 | OSt | ||
| 005 | 20250621032009.0 | ||
| 008 | 250621b |||||||| |||| 00| 0 eng d | ||
| 020 | _a978-621-427-160-3 | ||
| 040 |
_aDWCL-Main Lib _cOC |
||
| 082 | _aFil. 658.5 C183p 2023 | ||
| 100 | _aCamilar - Serrano, Angelita Ong | ||
| 245 |
_aProductivity and quality management/ _cAngelita Ong Camilar - Serrano |
||
| 250 | _aSecond edition | ||
| 260 |
_aIntramuros, Manila: _bUnlimited Books Library Services & Publishing Inc., _cc2023. |
||
| 300 |
_axii, 230 pages; _c25cm. |
||
| 504 | _aIncludes bibliographical references. | ||
| 650 | _a1. Productivity standards. | ||
| 650 | _a2. Quality control. | ||
| 942 |
_2ddc _cBK - FIL _kFil. _n0 _eSecond edition |
||
| 999 |
_c3221 _d3221 |
||